00962nam a2200265 i 4500001000300000100002600003245006300029250001200092260004500104300003100149504005000180521007900230650006200309655003000371020001500401040000800416041000800424080002400432920001800456942000700474008004100481999001700522856009800539952005900637bg1 aKOWALEWSKI, Eugeniusz10aPrawo ubezpieczeń gospodarczych /cEugeniusz Kowalewski. aWyd. 2. aBydgoszcz ;aToruń :b"Branta",c2002. a480 s. ;c25 cm +eCD-ROM. aBibliogr., teksty aktów prawnych w aneksie. aPodręcznik akademicki dla studentów kier. prawniczych i ekonomicznych. 9aUbezpieczenia gospodarczexprawozPolskaystan na 2002 r. aPodręczniki akademickie a8389073226 cBPK0 apol a347.764(438)(075.8) a83-89073-22-6 cKS s pl f |000 0 pol  c43111d43111 uhttp://koha.tu.koszalin.pl/cgi-bin/koha/opac-detail.pl?biblionumber=43111yKatalog online BPK 00104071aBPKbBPKceho68177p02017365t36 Ps.UyKS